Logo

Description automatically generated
विद्यार्जन
 संसाधन केंद्र, भारतीय प्रौद्योगिकी संस्थान इन्दौर
Learning Resource Center, Indian Institute of Technology Indore

ऑनलाइन सार्वजनिक अभिगम प्रसूची
Online Public Access Catalogue (OPAC)

Commerce with the universe : Africa, India, and the Afrasian imagination (Record no. 57311)

MARC details
000 -LEADER
fixed length control field 00671nam a2200193Ia 4500
005 - DATE AND TIME OF LATEST TRANSACTION
control field 20260629163254.0
008 - FIXED-LENGTH DATA ELEMENTS--GENERAL INFORMATION
fixed length control field 260629s9999||||xx |||||||||||||| ||und||
020 ## - INTERNATIONAL STANDARD BOOK NUMBER
International Standard Book Number 9780231164542
Qualifying information hb
082 ## - DEWEY DECIMAL CLASSIFICATION NUMBER
Classification number 891.1
Item number DES
100 ## - MAIN ENTRY--PERSONAL NAME
Personal name Desai, Gaurav
245 #0 - TITLE STATEMENT
Title Commerce with the universe : Africa, India, and the Afrasian imagination
260 ## - PUBLICATION, DISTRIBUTION, ETC.
Place of publication, distribution, etc. New York
Name of publisher, distributor, etc. Columbia University Press
Date of publication, distribution, etc. 2013
300 ## - PHYSICAL DESCRIPTION
Extent xiv, 291p. ; 24 cm
653 ## - INDEX TERM--UNCONTROLLED
Uncontrolled term East African literature (English)--History and criticism
653 ## - INDEX TERM--UNCONTROLLED
Uncontrolled term East Indians--Africa, East
653 ## - INDEX TERM--UNCONTROLLED
Uncontrolled term Indic literature--History and criticism
653 ## - INDEX TERM--UNCONTROLLED
Uncontrolled term National characteristics, East Indian, in literature
942 ## - ADDED ENTRY ELEMENTS (KOHA)
Koha item type Book
Holdings
Withdrawn status Lost status Damaged status Not for loan Home library Current library Shelving location Date acquired Source of acquisition Total Checkouts Full call number Barcode Date last seen Price effective from Koha item type
        LRC, IIT Indore LRC, IIT Indore 2nd Floor - General Stack 29/06/2026 Gratis Book Price: USD 140.00   891.1 DES G2536 29/06/2026 29/06/2026 Book
Copyright © 2017-2026 Indian Institute of Technology Indore. All Rights Reserved.
Managed & maintained by Learning Resource Center, IIT Indore